00277nam a2200109Ia 4500008004100000082001700041100002500058245002500083260003600108300000800144650001500152191201s2003 xx 000 0 und d a638.254bVES aVENKATA, Narasaiah P 0aSericulthre in India aN.DelhibAshish Publisherc2003 a214 aB.Tech(TE)